Modern approach to the law of interpretation in Ghana / (Record no. 146)
[ view plain ]
| 000 -LEADER | |
|---|---|
| fixed length control field | 00555cam a2200169 i 4500 |
| 001 - CONTROL NUMBER | |
| control field | 21622302 |
| 005 - DATE AND TIME OF LATEST TRANSACTION | |
| control field | 20241023144404.0 |
| 008 - FIXED-LENGTH DATA ELEMENTS--GENERAL INFORMATION | |
| fixed length control field | 200724s2019 gh b 001 0 eng |
| 020 ## - INTERNATIONAL STANDARD BOOK NUMBER | |
| International Standard Book Number | 9789988540296 |
| Qualifying information | Hardcover |
| 050 00 - LIBRARY OF CONGRESS CALL NUMBER | |
| Classification number | KRX451 |
| Item number | .A35 2019 |
| 100 1# - MAIN ENTRY--PERSONAL NAME | |
| Personal name | Adjei, Dennis Dominic, |
| Relator term | author, |
| -- | publisher. |
| 245 10 - TITLE STATEMENT | |
| Title | Modern approach to the law of interpretation in Ghana / |
| Statement of responsibility, etc. | Dennis Dominic Adjei. |
| 250 ## - EDITION STATEMENT | |
| Edition statement | Third edition. |
| 300 ## - PHYSICAL DESCRIPTION | |
| Extent | xlii, 561 pages ; |
| Dimensions | 26 cm |
| 650 #0 - SUBJECT ADDED ENTRY--TOPICAL TERM | |
| Topical term or geographic name entry element | Law |
| Geographic subdivision | Ghana |
| General subdivision | Interpretation and construction. |
| 942 ## - ADDED ENTRY ELEMENTS (KOHA) | |
| Source of classification or shelving scheme | Library of Congress Classification |
| Koha item type | Books |
| Edition | Third Ed. |
| Suppress in OPAC | No |
| 999 ## - | |
| -- | 146 |
| -- | 146 |
| Withdrawn status | Lost status | Source of classification or shelving scheme | Damaged status | Not for loan | Collection | Home library | Current library | Shelving location | Date acquired | Total checkouts | Full call number | Barcode | Date last seen | Copy number | Price effective from | Koha item type |
|---|---|---|---|---|---|---|---|---|---|---|---|---|---|---|---|---|
| Library of Congress Classification | Non-fiction | Law Library (Christ Temple) | Law Library (Christ Temple) | Reference | 05/12/2025 | KRX451.A35 ADJ | LLCT00000633 | 05/12/2025 | 1 | 05/12/2025 | Books | |||||
| Library of Congress Classification | Non-fiction | Law Library (Miotso) | Law Library (Miotso) | Reference | 10/23/2024 | KRX451.A35 ADJ | llm00000220 | 10/23/2024 | 1 | 10/23/2024 | Books |